|
|
|
|
| LEADER |
01425nam a2200373 a 4500 |
| 001 |
28846 |
| 003 |
BD-DhAAL |
| 005 |
20150128102754.0 |
| 008 |
150128r20131997ii b 000 0 eng |
| 020 |
|
|
|a 0195646339 (pbk.)
|
| 020 |
|
|
|a 9780195646337 (pbk.)
|
| 035 |
|
|
|a (OCoLC)41421482
|
| 035 |
|
|
|a (OCoLC)ocm41421482
|
| 035 |
|
|
|a (NNC)4111059
|
| 040 |
|
|
|a NIC
|c NIC
|d NNC
|d BD-DhAAL
|
| 043 |
|
|
|a a-ii---
|
| 050 |
|
4 |
|a DS423
|b .S32x 1998
|
| 082 |
0 |
0 |
|2 23
|a 954.0072
|
| 100 |
1 |
|
|a Sarkar, Sumit,
|d 1939-
|9 7495
|
| 245 |
1 |
0 |
|a Writing social history /
|c Sumit Sarkar.
|
| 260 |
|
|
|a New Delhi ;
|b New York :
|b Oxford University Press,
|c c1997 [13th impression 2013].
|
| 300 |
|
|
|a x, 390 p. ;
|c 22 cm.
|
| 490 |
1 |
|
|a Oxford India paperbacks
|
| 504 |
|
|
|a Includes bibliographical references.
|
| 541 |
|
|
|e 28846
|
| 651 |
|
0 |
|a India
|x Historiography.
|9 7496
|
| 651 |
|
0 |
|a India
|x Social conditions.
|9 7497
|
| 651 |
|
0 |
|a India
|x Civilization.
|9 7498
|
| 830 |
|
0 |
|a Oxford India paperbacks.
|9 7499
|
| 900 |
|
|
|a AUTH
|
| 942 |
|
|
|2 ddc
|c BK
|
| 999 |
|
|
|c 33513
|d 33513
|
| 952 |
|
|
|0 0
|1 0
|2 ddc
|4 0
|6 954_007200000000000_SAR
|7 0
|9 52354
|a BRACUL
|b BRACUL
|c GEN
|d 2015-01-28
|e Riza Enterprise
|g 696.00
|l 0
|o 954.0072 SAR
|p 3010028846
|r 2015-01-28
|t 1
|w 2015-01-28
|y BK
|
| 952 |
|
|
|0 0
|1 0
|2 ddc
|4 0
|6 954_007200000000000_SAR
|7 0
|9 52355
|a BRACUL
|b BRACUL
|c GEN
|d 2015-01-28
|e Riza Enterprise
|g 696.00
|l 1
|m 8
|o 954.0072 SAR
|p 3010028847
|r 2019-09-22
|s 2019-07-20
|t 2
|w 2015-01-28
|y BK
|